| 000 | 00795cam a2200241 a 4500 | ||
|---|---|---|---|
| 001 | 000013239 | ||
| 003 | UkOxU | ||
| 005 | 20200929163155.0 | ||
| 008 | 500101s1973 mx b 001 0 spa d | ||
| 040 |
_aDO-SdBNP _bspa _cPAU _dBNPHU |
||
| 082 |
_a630 _bA662r |
||
| 100 | 1 |
_aAranda, Sergio. _930398 |
|
| 245 | 1 | 3 |
_aLa revolución agraria en Cuba / _cSergio Aranda. |
| 260 |
_aMéxico, D. F. : _bSiglo Veintiuno, _c1973. |
||
| 300 |
_avii, 240 p. ; _c18 cm. |
||
| 490 | 1 |
_aMundo del Hombre _pEconomía y demografía |
|
| 504 | _aIncluye referencias bibliográficas. | ||
| 650 | 4 |
_aAgricultura _xAspectos económicos _zCuba _930395 |
|
| 650 | 4 |
_aPolítica agrícoloa _zCuba _930399 |
|
| 830 | 0 |
_aMundo del Hombre _pEconomía y demografía _930400 |
|
| 910 | _aCatalogación derivada | ||
| 049 | _aBNGR | ||
| 999 |
_c12871 _d12871 |
||